| 000 | 00000nam##2200000za#4500 |
| 001 | 9.606207 |
| 003 | CaOODSP |
| 005 | 20230524135826 |
| 007 | cr ||||||||||| |
| 008 | 150406|1996||||xxc|||||o f|0| 0 fre|d |
| 040 | |aCaOODSP|bfre |
| 043 | |an-cn--- |
| 086 | 1 |aEn49-24/1-11F-PDF |
| 110 | 1 |aCanada.|bEnvironnement Canada. |bCentre de Technologie Environnementale. |
| 245 | 10|aMéthode d'essai biologique - essai de létalité aiguë sur Daphnia spp. / |h[ressource électronique]|c[publié par] Section de l'élaboration et de l'application des méthodes. |
| 260 | |aOttawa - Ontario : |bEnvironnement Canada. |cJuillet 1990, avec les modifications de mai 1996. |
| 300 | |a78p.|bfigures, glossaire, graphique, références, tableaux |
| 490 | 1 |aSérie de la Protection de l'environnement. [Méthodes de référence]|vSPE 1/RM/11 |
| 500 | |aLe n° de catalogue (En49-24/1-11F) et l'ISBN (0-662-96303-2) de l'édition imprimée ont été incorrectement copiés dans l'édition électronique. |
| 546 | |a(Abstract in English). |
| 590 | |a14-01-Supp|b2014-01-07 |
| 775 | 08|tBiological test method - acute lethality test using Daphnia spp. / |w(CaOODSP)9.577700 |
| 775 | 08|tBiological test method : |w(CaOODSP)9.923059 |
| 830 | #0|aSérie de la Protection de l'environnement. [Méthodes de référence]|vSPE 1/RM/11|w(CaOODSP)9.501305 |
| 856 | 40|ahttp://publications.gc.ca|qPDF|s545 Ko|uhttps://publications.gc.ca/collections/collection_2013/ec/En49-24-1-11-fra.pdf|ySPE 1/RM/11 |